| 000 | nam a22 a 4500 | ||
|---|---|---|---|
| 999 |
_c1858 _d1858 |
||
| 003 | AKMAL | ||
| 005 | 20170512104001.0 | ||
| 008 | 170512s2007 my a e | 000 0 eng d | ||
| 020 | _a9789833374175 (pbk.) | ||
| 040 | _aAKMAL | ||
| 082 | 0 | 4 |
_a342.5951023 KEKKWA _222 |
| 090 | 0 | 0 |
_a342.5951023 _bKEKKWA |
| 245 | 0 | 0 | _aConstitution of the Federtion of Malaya 1957 |
| 260 |
_a[Kuala Lumpur] : _bKementerian Kebudayaan Kesenian dan Warisan Malaysia (KEKKWA), |
||
| 300 |
_aVarious pages : _bill. ; _c21cm. |
||
| 650 | 1 | 0 |
_aConstitutional law _zMalaya _y1957 _93854 |
| 650 | 2 | 0 |
_aConstitutional history _zMalaya _y1957 _93855 |
| 942 |
_2ddc _cBOOK |
||